000 00975nam a2200253Ia 4500
003 OSt
005 20210504124145.0
008 210310s1969 ck gr 000 0 spa d
040 _aCO-JMCR
_cCO-JMCR
041 0 _aspa
082 0 4 _a330.9 /
_bC642g
_223
100 1 _aMolano C., Joaquín
_925998
245 1 0 _aGeografía económica general /
_cJoaquín Molano C.
250 _aSegunda edición
260 _a[Bogotá] :
_bEdiciones Rosaristas,
_c[1969?]
300 _a482 páginas ;
_c16 cm.
490 0 _aManuales.
504 _aBibliografía: paginas 481-482.
505 0 _aLa caza y la pesca. -- Regiones forestales del mundo, aprovechamiento, mejora y conservación. --La agricultura. -- La caña de azúcar y la remolacha. -- La minería. -- La industrial de transformación. - El transporte y el comercio.
650 1 4 _aAgricultura
_xeconomía
_937407
650 2 4 _aMinería
_xEconomía
_937408
650 2 4 _aPesca
_xEconomía
_937409
942 _2ddc
_cBK
999 _c11620
_d11620